Statistics for 2022 FIFA World Cup Group B - Iran - United States

Click here to take the quiz!

General Stats

  • This quiz has been taken 45 times
  • The average score is 15 of 34

Answer Stats

Player% Correct
Christian Pulisic ¹
97%
Sergiño Dest
91%
Timothy Weah
91%
Matt Turner
85%
Tyler Adams
85%
Weston McKennie
82%
Mehdi Taremi
76%
Walker Zimmerman
73%
Antonee Robinson
67%
Yunus Musah
64%
Brenden Aaronson
61%
Josh Sargent
61%
Sardar Azmoun
58%
Tim Ream
58%
Haji Wright
55%
Cameron Carter-Vickers
45%
Gregg Berhalter
42%
Shaq Moore
39%
Kellyn Acosta
30%
Ali Karimi
24%
Alireza Beiranvand
24%
Carlos Queiroz
24%
Milad Mohammadi
24%
Saman Ghoddos
24%
Majid Hosseini
21%
Ehsan Hajsafi
18%
Ramin Rezaeian
18%
Ali Gholizadeh
15%
Morteza Pouraliganji
15%
Saeid Ezatolahi
15%
Abolfazl Jalali
12%
Ahmad Nourollahi
12%
Karim Ansarifard
12%
Mehdi Torabi
12%

Score Distribution

Percentile by Number Answered

Percent of People with Each Score

Your Score History

You have not taken this quiz